Planta industrial procesadora de caf ̌tostado y molido

Uloženo v:
Podrobná bibliografie
Další autoři: Canal Lida Margarita Zambrano Cortš / YouTube
Médium: Kniha
Jazyk:španělština
Témata:
On-line přístup:Planta industrial procesadora de caf ̌tostado y molido
Tagy: Přidat tag
Žádné tagy, Buďte první, kdo vytvoří štítek k tomuto záznamu!

MARC

LEADER 00000nam a22000004a 4500
001 vpro11523
005 20201223000000.0
008 170410s2017 ck # g## #001 0#spa#d
020
022
040 |a CO-BoINGC 
041 0 |a spa 
245 1 0 |a Planta industrial procesadora de caf ̌tostado y molido 
246 |a Industrial Plant to Produce Roasted and Ground Coffee 
264 |a Bogot ̀(Colombia) :  |b Revista VirtualPRO,  |c 2017 
520 3
650 \ \ |a Agroindustria 
650 \ \ |a Industria del caf̌ 
650 \ \ |a Agro-industry 
650 \ \ |a Coffee industry 
650 \ \ |a agroindustria 
650 \ \ |a caf̌ 
650 \ \ |a agro-industry 
650 \ \ |a coffee  
700 \ \ |a Canal Lida Margarita Zambrano Cortš / YouTube 
856 |z Planta industrial procesadora de caf ̌tostado y molido  |u https://virtualpro.unach.elogim.com/biblioteca/planta-industrial-procesadora-de-cafe-tostado-y-molido